Directory of agricultural scientists and technologists of SAARC countries (Record no. 44176)

MARC details
000 -LEADER
fixed length control field 00339nam a2200121Ia 4500
020 ## - INTERNATIONAL STANDARD BOOK NUMBER
ISBN 9843218996
082 ## - DEWEY DECIMAL CLASSIFICATION NUMBER
Classification number 06.08:63(058)
Item number DIR
245 #0 - TITLE STATEMENT
Title Directory of agricultural scientists and technologists of SAARC countries
250 ## - EDITION STATEMENT
Edition statement Ed.2
260 ## - PUBLICATION, DISTRIBUTION, ETC. (IMPRINT)
Place of publication Bangladesh
Name of publisher SAIC
Year of publication 2004
942 ## - ADDED ENTRY ELEMENTS (KOHA)
Koha item type Books
Holdings
Withdrawn status Lost status Damaged status Not for loan Home library Current library Date acquired Source of acquisition Full call number Accession Number Koha item type
        RRII Library RRII Library 16/12/2021 Gift 06.08:63(058) DIR G00924 Books